=LDR 00000nam 2200000 4500 =001 NUTBA000000000004600 =005 20250410022741 =035 ##$$a 0010-091400000000633 =008 250410################g##########0#ind## =020 ##$$a 978-979-756-558-9 =040 ##$$a NBPDMAT =082 ##$$a 572 =084 ##$$a 572 Yoh b =100 ##$$a Yohanis Ngili =245 1#$$a Biokimia : $b Metabolisme dan bioenergitika /$c Yohanis Ngili =260 ##$$a Yogyakarta :$b Graha Ilmu,$c 2009 =300 ##$$a xiv, 320 hlm. : $b ilus. ; $c 23 x 15 cm. =650 #4$$a Biokimia =504 ##$$a Biografi : Hlm. 321 - 323 =990 ##$$a 21411632 =990 ##$$a 26411163 =990 ##$$a 21411634 =990 ##$$a 21411635 =990 ##$$a 21411636